[Event "Tournoi francophone 016 Groupe F"]
[Site "Skype"]
[Date "????.??.??"]
[Round "6.5"]
[White "Sosa, Juan Carlos"]
[Black "Busto, Ricardo"]
[Result "0-1"]
[WhiteElo "1250"]
[BlackElo "1191"]
[PlyCount "84"]

1. d4 f5 2. Bf4 e6 3. Nc3 d6 4. Nf3 Nf6 5. h3 Be7 6. e3 O-O 7. Bd3 Nbd7 8. O-O
Qe8 9. a3 e5 10. dxe5 dxe5 11. Nxe5 Nxe5 12. Bxe5 Bd8 13. Bxf6 Bxf6 14. Nd5 Be5
15. f4 Bd6 16. Re1 c6 17. Nc3 Kh8 18. Qf3 Be6 19. e4 fxe4 20. Qxe4 Bf5 21. Qxe8
Raxe8 22. Rxe8 Rxe8 23. Bxf5 Bxf4 24. Rf1 Bd2 25. Ne4 Be3+ 26. Kh1 g6 27. Bd7
Rxe4 28. Bc8 b6 29. Bb7 Re6 30. c4 c5 31. g4 Kg7 32. h4 Re7 33. Re1 Kf6 34. g5+
Kf5 35. Re2 Kf4 36. Bd5 Re5 37. Rg2 Bd4 38. Bg8 Re1+ 39. Kh2 Be5 40. Bxh7 Kf3+
41. Kh3 Rh1+ 42. Rh2 Rxh2# 0-1

[Event "Tournoi francophone 016 Groupe F"]
[Site "Skype"]
[Date "????.??.??"]
[Round "7.2"]
[White "Cengiz, Ali Ekber"]
[Black "Sosa, Juan Carlos"]
[Result "1-0"]
[WhiteElo "1265"]
[BlackElo "1250"]
[PlyCount "69"]

1. e4 e5 2. Nf3 d6 3. Bc4 Be7 4. Nc3 Nc6 5. O-O h6 6. d4 Bf6 7. Be3 Na5 8. Bb5+
c6 9. Be2 Ne7 10. b4 exd4 11. Nxd4 c5 12. bxa5 cxd4 13. Bxd4 Bxd4 14. Qxd4 O-O
15. Qa4 Bd7 16. Qa3 a6 17. Qxd6 Bc6 18. Qb4 Re8 19. Rad1 Qc7 20. Bd3 Rac8 21.
Ne2 Ng6 22. g3 Ne5 23. f3 Nxd3 24. cxd3 Bb5 25. Rc1 Qd8 26. Rxc8 Qxc8 27. Rc1
Qd7 28. Nf4 Bxd3 29. Rd1 Rd8 30. Rxd3 Qc7 31. Rxd8+ Qxd8 32. Nd5 f5 33. Qxb7
Qxa5 34. Qc8+ Kh7 35. Qxf5+ 1-0

[Event "Tournoi francophone 016 Groupe F"]
[Site "Skype"]
[Date "????.??.??"]
[Round "7.3"]
[White "Yepes Bermudez, Maribel"]
[Black "Codina, Teresa"]
[Result "1-0"]
[WhiteElo "1287"]
[BlackElo "1310"]
[PlyCount "113"]

1. e4 c5 2. c3 d6 3. d4 cxd4 4. cxd4 Nf6 5. Nc3 a6 6. Nf3 Nc6 7. h3 e6 8. Bc4
Be7 9. O-O O-O 10. a3 Bd7 11. e5 dxe5 12. dxe5 Ne8 13. Bf4 Rc8 14. Bd3 f6 15.
Bc2 fxe5 16. Bxe5 Nxe5 17. Nxe5 Nf6 18. Qd3 Be8 19. Qg3 g6 20. Rad1 Qb6 21. b4
Bd6 22. Bb3 Bf7 23. Rde1 Nd7 24. Nxd7 Bxg3 25. Nxb6 Rxc3 26. fxg3 Rxb3 27. Nd7
Rc8 28. Nf6+ Kg7 29. Ne4 Be8 30. Nd6 Rd8 31. Rxe6 Bc6 32. Rf7+ Kh6 33. Nf5+ Kg5
34. h4+ Kg4 35. Rxg6+ hxg6 36. Nh6+ Kh5 37. Rh7 Rxg3 38. Nf7+ Kg4 39. Nxd8
Rxg2+ 40. Kf1 Be4 41. Nf7 Kg3 42. h5 gxh5 43. Rxh5 Rf2+ 44. Kg1 Rxf7 45. Rg5+
Kf4 46. Rh5 Rg7+ 47. Kf2 Rg2+ 48. Kf1 Ra2 49. Rh4+ Ke5 50. Ke1 Rxa3 51. Ke2 Rb3
52. b5 axb5 53. Rh5+ Kd4 54. Rh8 Re3+ 55. Kd2 b4 56. Rd8+ Ke5 57. Kxe3 1-0

[Event "Tournoi francophone 016 Groupe F"]
[Site "Skype"]
[Date "????.??.??"]
[Round "7.4"]
[White "Fouquereau, Andre"]
[Black "Ruiz Aguilera, Juan Jesus"]
[Result "0-1"]
[WhiteElo "1313"]
[BlackElo "1102"]
[PlyCount "55"]

1. e4 e5 2. Nf3 Nc6 3. Bb5 a6 4. Bc4 h6 5. O-O Nf6 6. Re1 Bc5 7. a3 O-O 8. c3
Re8 9. d4 exd4 10. cxd4 Bb6 11. e5 d5 12. Bb3 Nh7 13. Be3 Be6 14. Nc3 Na5 15.
Ba4 c6 16. Qb1 Rc8 17. Bc2 Nf8 18. Qc1 Bg4 19. Bd1 Bxf3 20. Bxf3 Nb3 21. Qd1
Nxa1 22. Qxa1 c5 23. Na4 cxd4 24. Nxb6 Qxb6 25. Bd2 Rc2 26. Bc1 d3 27. Be3 d4
28. Rb1 0-1

[Event "Tournoi francophone 016 Groupe F"]
[Site "Skype"]
[Date "????.??.??"]
[Round "7.5"]
[White "Martin, Jean-Claude"]
[Black "Hargez, Dany"]
[Result "0-1"]
[WhiteElo "1176"]
[BlackElo "1296"]
[PlyCount "74"]

1. d4 d5 2. c4 Bf5 3. Nc3 Be4 4. Nxe4 dxe4 5. d5 Nf6 6. Bg5 Qd6 7. e3 e6 8.
Bxf6 gxf6 9. a3 Nd7 10. b4 b6 11. Qd4 Bg7 12. Qxe4 f5 13. Qb1 Bxa1 14. Qxa1 Ke7
15. Nf3 exd5 16. cxd5 c6 17. dxc6 Qxc6 18. Nd4 Qf6 19. Bd3 Ne5 20. Nxf5+ Kf8
21. Qd4 Nxd3+ 22. Qxd3 Qa1+ 23. Qd1 Qc3+ 24. Qd2 Qa1+ 25. Qd1 Qxa3 26. Qd6+ Kg8
27. Ne7+ Kg7 28. Nf5+ Kg8 29. Ne7+ Kg7 30. Qe5+ f6 31. Nf5+ Kg6 32. Nh4+ Kf7
33. Qh5+ Kg8 34. Qg4+ Kf8 35. O-O Rg8 36. Qe4 Rc8 37. Qb1 Qc3 0-1

[Event "Tournoi francophone 016 Groupe F"]
[Site "Skype"]
[Date "????.??.??"]
[Round "8.1"]
[White "Abdulrazzaq, Mohsen"]
[Black "Hargez, Dany"]
[Result "0-1"]
[WhiteElo "1294"]
[BlackElo "1296"]
[PlyCount "38"]

1. e4 e5 2. Nf3 d6 3. Bc4 Be6 4. Bxe6 fxe6 5. Nc3 Nf6 6. d4 Nc6 7. dxe5 dxe5 8.
Qe2 Nd4 9. Nxd4 exd4 10. e5 dxc3 11. exf6 Qxf6 12. O-O Bd6 13. bxc3 O-O 14. Bd2
e5 15. h4 Qxh4 16. Rab1 b6 17. Rfe1 Rae8 18. c4 e4 19. Bb4 Qh2+ 0-1

[Event "Tournoi francophone 016 Groupe F"]
[Site "Skype"]
[Date "????.??.??"]
[Round "8.2"]
[White "Ruiz Aguilera, Juan Jesus"]
[Black "Martin, Jean-Claude"]
[Result "1/2-1/2"]
[WhiteElo "1102"]
[BlackElo "1176"]
[PlyCount "50"]

1. e4 e5 2. Nf3 Nc6 3. Bb5 d6 4. d4 a6 5. Ba4 b5 6. d5 Na5 7. Bb3 Nxb3 8. axb3
Nf6 9. Bg5 Be7 10. Bxf6 Bxf6 11. Nbd2 O-O 12. O-O Bg4 13. h3 Bxf3 14. Qxf3 h6
15. Qd3 Qd7 16. c4 c6 17. Rfc1 Bg5 18. Rc2 Bxd2 19. Qxd2 c5 20. b4 cxb4 21.
Qxb4 bxc4 22. Rxc4 Rfb8 23. Qc3 Rc8 24. Rc1 Rxc4 25. Qxc4 a5 1/2-1/2

[Event "Tournoi francophone 016 Groupe F"]
[Site "Skype"]
[Date "????.??.??"]
[Round "8.3"]
[White "Codina, Teresa"]
[Black "Fouquereau, Andre"]
[Result "1-0"]
[WhiteElo "1310"]
[BlackElo "1313"]
[PlyCount "75"]

1. d4 d5 2. Nf3 Nf6 3. e3 c6 4. Bd3 h6 5. b3 Bg4 6. O-O Qc7 7. Bb2 Nbd7 8. Nbd2
e5 9. dxe5 Nxe5 10. h3 Bxf3 11. Nxf3 Nxd3 12. Qxd3 Be7 13. Rac1 O-O 14. Rfd1
Rfe8 15. c4 dxc4 16. Qxc4 Bd6 17. Kf1 Re4 18. Qd3 Re6 19. a3 Rd8 20. Qb1 Rde8
21. b4 Nd7 22. Qa1 Ne5 23. Nxe5 Bxe5 24. Bxe5 Rxe5 25. Qd4 R5e6 26. Qxa7 Qh2
27. Qd4 Qh1+ 28. Ke2 Qxg2 29. Rg1 Rxe3+ 30. Qxe3 Rxe3+ 31. Kxe3 Qxh3+ 32. Rg3
Qe6+ 33. Kf3 Qb3+ 34. Ke4 Qd5+ 35. Ke3 Qe5+ 36. Kf3 Qf5+ 37. Ke3 Qe4+ 38. Kxe4
1-0

[Event "Tournoi francophone 016 Groupe F"]
[Site "Skype"]
[Date "????.??.??"]
[Round "8.4"]
[White "Sosa, Juan Carlos"]
[Black "Yepes Bermudez, Maribel"]
[Result "0-1"]
[WhiteElo "1250"]
[BlackElo "1287"]
[PlyCount "118"]

1. e4 d5 2. e5 Bf5 3. d4 e6 4. Nf3 a6 5. a3 c5 6. c3 Nc6 7. h3 Bg6 8. Be2 Be7
9. O-O h6 10. Qb3 Qc7 11. Be3 c4 12. Qd1 Na5 13. Nbd2 Bd8 14. b3 Ne7 15. bxc4
dxc4 16. Qa4+ b5 17. Qd1 Nd5 18. a4 Nxc3 19. Qe1 Nxa4 20. Nxc4 Nxc4 21. Bxc4
Qxc4 22. Qc1 Qd5 23. Qd1 O-O 24. Nd2 Nb2 25. Qb3 Nc4 26. Nxc4 bxc4 27. Qa4 a5
28. Rac1 Rc8 29. Rc3 Bb6 30. Rfc1 Bxd4 31. Rxc4 Rxc4 32. Rxc4 Bxe3 33. fxe3
Qxe5 34. e4 Bh5 35. Qc2 Qg3 36. Rc5 Ra8 37. Rxh5 a4 38. Rb5 a3 39. Rb1 Qe3+ 40.
Kh2 Qd4 41. Rd1 Qe5+ 42. g3 a2 43. Qc6 a1=Q 44. Rxa1 Rxa1 45. Qe8+ Kh7 46. h4
Qb2+ 47. Kh3 Rh1+ 48. Kg4 Qe2+ 49. Kf4 Rf1+ 50. Ke5 Qb2+ 51. Kd6 Rd1+ 52. Ke7
Qb7+ 53. Kf8 Qc7 54. Qxf7 Rd8+ 55. Qe8 Qd6+ 56. Kf7 Rd7+ 57. Qxd7 Qxd7+ 58. Kf8
Kg6 59. g4 Qf7# 0-1

[Event "Tournoi francophone 016 Groupe F"]
[Site "Skype"]
[Date "????.??.??"]
[Round "8.5"]
[White "Busto, Ricardo"]
[Black "Cengiz, Ali Ekber"]
[Result "0-1"]
[WhiteElo "1191"]
[BlackElo "1265"]
[PlyCount "56"]

1. d4 d5 2. Nf3 Nf6 3. Bf4 Bf5 4. e3 e6 5. Bd3 Bg4 6. h3 Bxf3 7. Qxf3 Nc6 8. a3
Be7 9. Nd2 h6 10. c4 Na5 11. cxd5 exd5 12. b4 Nc6 13. O-O a6 14. Qe2 O-O 15.
Nf3 Nh5 16. Bh2 Nf6 17. Ne5 Ne4 18. Qc2 f5 19. Ng6 Rf6 20. Nxe7+ Nxe7 21. Qxc7
Qxc7 22. Bxc7 Rc8 23. Bh2 Rfc6 24. f3 Ng5 25. Bxf5 Nxf5 26. Bf4 Ne6 27. Be5
Nxe3 28. Rfe1 Nc2 0-1

[Event "Tournoi francophone 016 Groupe F"]
[Site "Skype"]
[Date "????.??.??"]
[Round "9.2"]
[White "Yepes Bermudez, Maribel"]
[Black "Busto, Ricardo"]
[Result "1-0"]
[WhiteElo "1287"]
[BlackElo "1191"]
[PlyCount "47"]

1. e4 c5 2. Nf3 e6 3. d4 cxd4 4. Nxd4 a6 5. f3 Qc7 6. Be3 Nf6 7. a3 Nc6 8. Nc3
Be7 9. Qd2 b5 10. g4 b4 11. axb4 Bxb4 12. h4 Nxd4 13. Bxd4 Qg3+ 14. Qf2 Qxf2+
15. Kxf2 Bb7 16. h5 d6 17. g5 Nd7 18. Bh3 Rc8 19. f4 Rc4 20. Ke3 Ke7 21. Bxg7
Bc5+ 22. Kd3 Nb6 23. Bxh8 Rxe4 24. Nxe4 1-0

[Event "Tournoi francophone 016 Groupe F"]
[Site "Skype"]
[Date "????.??.??"]
[Round "9.4"]
[White "Martin, Jean-Claude"]
[Black "Codina, Teresa"]
[Result "1-0"]
[WhiteElo "1176"]
[BlackElo "1310"]
[PlyCount "53"]

1. d4 d5 2. c4 e6 3. Nc3 Nf6 4. Bf4 Bd6 5. Bxd6 Qxd6 6. a3 O-O 7. e3 Re8 8.
cxd5 exd5 9. Nf3 Bg4 10. h3 Be6 11. Nb5 Qb6 12. Rc1 Nc6 13. Qc2 h6 14. Nc3 Rac8
15. Bb5 Bd7 16. b4 a6 17. Bxc6 Bxc6 18. O-O Rcd8 19. Rfe1 Bd7 20. Ne5 Bc8 21.
Qb2 Bf5 22. a4 Qd6 23. b5 axb5 24. Nxb5 Qe7 25. Rxc7 Qe6 26. Rxb7 Bxh3 27. Nc7
1-0

[Event "Tournoi francophone 016 Groupe F"]
[Site "Skype"]
[Date "????.??.??"]
[Round "9.5"]
[White "Hargez, Dany"]
[Black "Ruiz Aguilera, Juan Jesus"]
[Result "0-1"]
[WhiteElo "1296"]
[BlackElo "1102"]
[PlyCount "64"]

1. e4 e5 2. d4 exd4 3. Qxd4 Nc6 4. Qd1 Bc5 5. Nf3 d6 6. Bg5 Nf6 7. Bb5 Bd7 8.
Nc3 Bb4 9. O-O Bxc3 10. bxc3 Ne5 11. Bxd7+ Nexd7 12. e5 dxe5 13. Re1 h6 14.
Bxf6 Qxf6 15. Qd5 c6 16. Qb3 b6 17. Rad1 Rd8 18. Qa3 a5 19. Rd6 Qe7 20. Red1
O-O 21. c4 Nc5 22. Rxd8 Rxd8 23. Rxd8+ Qxd8 24. Qc1 Qd6 25. Qe1 Ne4 26. Qb1 Nc3
27. Qa1 Nxa2 28. h3 Nb4 29. Nxe5 Nxc2 30. Qc3 Qd4 31. Qxd4 Nxd4 32. Nxc6 Nxc6
0-1